00738nam a2200169 a 450000100080000000500110000800800410001910000180006024500420007825000110012026000270013130000100015849000270016852003430019565000090053870000210054719492912013-03-15 1966 bl uuuu u0uu1 u #d1 aBARRIGA S. C. aEl cultivo de la soya en el noroeste. a6. ed. a[S.l.]: INIA-SAGc1966 a12 p. a(CIANO. Circular, 13). aUse variedades bien adaptadas. Prepare bien el terreno. Seleccione la mejor epoca de siembra. Inocule la semilla. Siembre la cantidad adecuada de semilla. Como hacer la siembra. Haga oportunamente los cultivos y los riegos. Enfermedades de la soya. Combata a tiempo las plagas. Evite perdidas en la cosecha. Plagas de la soy y su combate. aSoja1 aSIFUENTES, J. A.